Statistics for Countries with most Motor Vehicles Per Capita

Click here to take the quiz!

General Stats

  • This quiz has been taken 30 times
  • The average score is 15 of 20

Answer Stats

Motor Vehicles Per 1,000 PeopleCountry% Correct
572Germany
100%
593Spain
100%
797United States
100%
578France
96%
736Australia
86%
662Canada
86%
679Italy
86%
591Japan
86%
712New Zealand
79%
1,263San Marino
75%
578Austria
71%
586Greece
71%
899Monaco
71%
584Norway
64%
739Luxembourg
61%
750Liechtenstein
57%
612Finland
54%
745Iceland
54%
567Slovenia
36%
693Malta
32%

Score Distribution

Percentile by Number Answered

Percent of People with Each Score

Your Score History

You have not taken this quiz